000 00269 a2200145 4500
001 162413
020 _a
040 _cMagnum
100 _aOrthof, Sylvia
240 1 0 _aMalaquias
_lpor
245 1 0 _aMalaquias
362 0 _a1899
697 _aI/GERAL
942 _cBK
999 _c162413
_d162413